The dynamics of personality development and projection / (Record no. 38631)

MARC details
000 -LEADER
fixed length control field 00724nam a22001937a 4500
005 - DATE AND TIME OF LATEST TRANSACTION
control field 20100802132149.0
010 ## - LCCN (DPL NO)
LC control number ENG-97666
020 ## - INTERNATIONAL STANDARD BOOK NUMBER
International Standard Book Number 9788131722213
Terms of availability 175.00
035 ## - SYSTEM CONTROL NUMBER
System control number EN-81199
037 ## - SOURCE OF ACQUISITION
Source of stock number/acquisition DBAD/PUB
082 ## - DEWEY DECIMAL CLASSIFICATION NUMBER
Classification number 155.25
100 ## - MAIN ENTRY--PERSONAL NAME
Personal name Bhatti, J.R
245 ## - TITLE STATEMENT
Title The dynamics of personality development and projection /
Statement of responsibility, etc by J.R. Bhatti
260 ## - PUBLICATION, DISTRIBUTION, ETC. (IMPRINT)
Place of publication, distribution, etc New Delhi
Name of publisher, distributor, etc Dorling Kindersley
Date of publication, distribution, etc 2009
270 ## - ADDRESS
Address 14 Local Shopping Centre, Panchsheel Park
City New Delhi
Postal code 110017
300 ## - PHYSICAL DESCRIPTION
Extent vi, 243p.
Dimensions 19cm (pbk)
942 ## - ADDED ENTRY ELEMENTS (KOHA)
Source of classification or shelving scheme Dewey Decimal Classification
Item type English Books
Classification part 155.25
Call number suffix BHA
Holdings
Withdrawn status Lost status Not for loan Collection code Home library Current library Date acquired Source of acquisition Cost, normal purchase price Full call number Barcode Copy number Cost, replacement price Koha item type
    Not For Loan Non-fiction D.B.Act.Division D.B.Act.Division 02/08/2010 DBAD/PUB 175.00 155.25 BHA EN-81199 1 175.00 English Books

© Delhi Public Library
Hit Counter
free hit counter